Teoría y práctica del entrenamiento en el fútbol

Guardado en:
Detalles Bibliográficos
Autor principal: Graf Fuentes, Gustavo (Autor)
Formato: Libro
Lenguaje:español
Publicado: Santiago s.n 1986
Materias:
Etiquetas: Agregar Etiqueta
Sin Etiquetas, Sea el primero en etiquetar este registro!

MARC

LEADER 00000nam a2200000 a 4500
001 UCW5976
003 CL-VaPUC
008 910923e19860000CL |||||||||||||||||spa|d
082 0 4 |a 796.334  |b GRA  |2 21 
100 0 |a Graf Fuentes, Gustavo  |e author  |9 311021 
245 1 0 |a Teoría y práctica del entrenamiento en el fútbol 
300 |a 128 p 
942 |c BK 
945 |d 19910923 00:00:00 
260 |a Santiago  |b s.n  |c 1986 
650 0 |a Fútbol  |9 307513 
583 |a last modification  |c 20120531 11:02:12  |k Rodrigo Vera 
999 |c 219233  |d 219231 
952 |0 0  |1 0  |4 0  |6 796_334000000000000_GRA_1986  |7 0  |8 A  |9 209893  |a BIBEDU  |b BIBEDU  |d 2019-11-15  |i 2778408  |o 796.334 GRA 1986  |p 2778408  |r 2019-11-15  |w 2019-11-15  |y BK  |k EDU